00575 2200145 4500245007500000250001100075100002000086005001900106260003800125041001400163084000800177300002500185500021000210336000900420 aRemaja Dilarang jadi Pengarang Beken, So What?!cGamal KomandokohText aCet. 1 aGamal Komandoko a20231005074146 aYogyakartabTunas Pubishingc2006 aIndonesia a813 a201 hlm. :c20,5 cm. aada banyak cara tuk nunjukin jati diri kamu. Salah satunya dengan menjadu pengarang top. Mau kan ?Cuman kenapa ya setiap kali mulai ngarang, kok kerasa susah banget? apa memang benar mengarang itu gampang, atext